LIBRARY & INFORMATION CENTRE, KCAET, TAVANUR

ONLINE PUBLIC ACCESS CATALOGUE (OPAC)

Sakunthalam / (Record no. 583)

MARC details
000 -LEADER
fixed length control field 00457cam a2200181ua 4500
041 ## - LANGUAGE CODE
Language code of text/sound track or separate title mal
082 ## - DEWEY DECIMAL CLASSIFICATION NUMBER
Classification number 894.812 1
Item number KRI/SA
100 ## - MAIN ENTRY--AUTHOR NAME
Personal name Krishnan, Chelayil .
245 ## - TITLE STATEMENT
Title Sakunthalam /
260 ## - PUBLICATION, DISTRIBUTION, ETC. (IMPRINT)
Place of publication Eranakulam :
Name of publisher Parishath book stall ,
Year of publication 1959.
300 ## - PHYSICAL DESCRIPTION
Number of Pages 288 ; .
650 ## - SUBJECT ADDED ENTRY--TOPICAL TERM
Topical Term Mani Pravala Kavyam
942 ## - ADDED ENTRY ELEMENTS (KOHA)
Koha item type Books
Holdings
Withdrawn status Lost status Damaged status Home library Current library Date acquired Full call number Accession Number Koha item type
Withdrawn     KAUAET Malayalam University 07/04/2012 894.812 1 1316 Books
free website counter